Bài giảng dinh dưỡng khoáng Mã môn học: BI4109. Lưu hành nội bộ
Na minha lista:
| Autor principal: | |
|---|---|
| Formato: | Livro |
| Publicado em: |
Đồng Tháp
2018
|
| Assuntos: | |
| Tags: |
Adicionar Tag
Sem tags, seja o primeiro a adicionar uma tag!
|
| Thư viện lưu trữ: | Trung tâm Học liệu Lê Vũ Hùng, Trường Đại học Đồng Tháp |
|---|
| LEADER | 00952pam a22002538a 4500 | ||
|---|---|---|---|
| 001 | 00044646 | ||
| 005 | 20190823080803.0 | ||
| 008 | 171005s2017 ||||||Viesd | ||
| 020 | # | # | |c 22000 |
| 041 | 0 | # | |a Vie |
| 082 | 1 | 4 | |a 631.8 |b B103GI |
| 100 | 1 | # | |a Phạm, Thị Thanh Mai |
| 245 | 0 | 0 | |b Mã môn học: BI4109. Lưu hành nội bộ |a Bài giảng dinh dưỡng khoáng |c Phạm Thị Thanh Mai |
| 260 | # | # | |a Đồng Tháp |c 2018 |
| 300 | # | # | |a 151 tr. |c 28 cm. |
| 500 | # | # | |a ĐTTS ghi: Trường Đại học Đồng Tháp |
| 653 | # | # | |a Bài giảng |
| 653 | # | # | |a Cây trồng |
| 653 | # | # | |a Dinh dưỡng |
| 653 | # | # | |a Nguyên tố |
| 653 | # | # | |a Sản phẩm |
| 852 | # | # | |j KM.0033032 |j KM.0033033 |j KM.0033034 |j KM.0033035 |j KM.0033036 |j KM.0033037 |j KM.0033038 |j KM.0033039 |j KM.0033040 |j KM.0033041 |j KD.0026144 |
| 910 | 0 | # | |d 23/8/2019 |
| 980 | # | # | |a Trung tâm Học liệu Lê Vũ Hùng, Trường Đại học Đồng Tháp |